000 00537cam a22002171 4500
001 sa 68015518
003 DLC
005 20260227112644.0
008 890601s1964 ii 000 0 gujo
010 _asa 68015518
035 _a(OCoLC)19795855
040 _aDLC
_cWaU
_dDLC
042 _apremarc
050 0 0 _aGR305.5.G8
_bJ6
100 1 _aJodhāṇī, Manubhāī,
_d1902-1979.
245 1 0 _aSoraṭhī vibhūtio.
260 _c[1964]
300 _a7, 175 p.
_c18 cm.
500 _aIn Gujarati.
650 0 _aFolklore, Gujarati.
999 _c86491
_d86491